000 01279 a2200313 4500
003 Nust
005 20221007175624.0
010 _a 2007039329
020 _a0470130628 (cloth)
020 _a9780470130629 (cloth)
035 _a(OCoLC)173480533
035 _a(OCoLC)ocn173480533
040 _cNust
082 0 0 _a720.47,ABR
100 1 _aMartin A. Abraham
_999524
245 1 0 _aSustainable science and engineering define priciples
_cMartin A. Abraham
260 _aHoboken, N.J. :
_bJohn Wiley,
_cc2008.
300 _axi, 332 p. :
_bill., map ;
_c24 cm.
505 _aPart 1: The Principles (Page-1), Part 2: Developing the Principles (Page-89), Part 3: Applying the Principles (Page-291).
650 0 _aArchitecture
_xDecision making.
_931971
650 0 _aBuildings
_xEnergy conservation.
650 0 _aBuildings
_xPerformance.
_932059
650 0 _aEnvironmental engineering.
_91550
700 1 _aBrasier, Chris.
_999525
856 4 1 _3Contributor biographical information
_uhttp://www.loc.gov/catdir/enhancements/fy0810/2007039329-b.html
856 4 1 _3Publisher description
_uhttp://www.loc.gov/catdir/enhancements/fy0801/2007039329-d.html
856 4 1 _3Table of contents only
_uhttp://www.loc.gov/catdir/enhancements/fy0801/2007039329-t.html
942 _cREF
_2ddc
999 _c189494
_d189494